000 00363nam a2200145Ia 4500
008 230917s9999||||xx |||||||||||||| ||und||
040 _e121960
_aMAIN
041 _aEnglish
082 _a338.4791 C392U
100 _aChattopadhyay, Kunal
245 0 _aUnderstanding tourism economics
260 _aNew Delhi
_bKanishka
_c2008
300 _a124 p.
942 _cBK
999 _c146735
_d146735